Statistics for Guess The Soccer Player From That Country

Click here to take the quiz!

General Stats

  • This quiz has been taken 88 times
  • The average score is 8 of 14

Answers on the Map

Answers color-coded by a green-red scale on the quiz's map according to % correct below.
 

Answer Stats

Answer% Correct
Cristiano Ronaldo
71%
Lionel Messi
71%
Kylian Mbappé
65%
Neymar
63%
Mohamed Salah
59%
Son Heung-min
57%
Magdalena Eriksson
55%
Sam Kerr
55%
Aitana Bonmatí
53%
Erling Haaland
51%
Lauren James
51%
Megan Rapinoe
51%
Asisat Oshoala
47%
Alexandra Popp
35%

Score Distribution

Percentile by Number Answered

Percent of People with Each Score

Your Score History

You have not taken this quiz